00446nam a2200181Ia 4500003000400000005001700004008004000021020001500061040000700076041000800083082001700091100001800108245006300126250000600189260003400195300001500229700002000244OSt20221014160758.0210210b2006 xxu||||| |||| 00| 0 eng d a0471742686 cAL aeng a574.192 VOEF aVOET (Donald) aFundamentals of biochemistry: life at the molecular level  a2 aNJbJohn Wiley and Sonsc2006 axviii,1245 aVOET (Judith G)